000 00405nam a2200181Ia 4500
005 20250603145849.0
008 250603s9999 xx 000 0 und d
020 _a9781597842631; 159784263X
050 _aBP 135 .A1 T8713/
100 _aTuran, Kemal
245 0 _ac
260 _aNew Jersey
260 _bTughra Books
260 _c2011
300 _a184 p
650 _aNew Jersey
942 _cBK
999 _c43084
_d43084